000
00311nam a22001337a 4500
008
181217b xxu||||| |||| 00| 0 eng d
020
_a
9781308475370
041
_a
eng
080
_a
330
100
_a
52
101
_a
ECO
245
_a
Survey Of Economics Issues And Problems
_c
James.P
942
_2
udc
_c
BK
999
_c
53293
_d
53293